000 00335nam a2200121Ia 4500
008 191014s9999 xx 000 0 und d
082 _a530.1
_bEIN
100 _aW.H.McCREA
_920261
245 0 _aAlbert Einstein The Meaning of Relativity
260 _bScince Paperbacks and Methuen & Co Ltd
_c1967
300 _aXiv,161
942 _cBK
999 _c530831
_d530831